Central Library OPAC University of Rajshahi

The collected short stories/ (Record no. 76856)

MARC details
000 -LEADER
fixed length control field 00730nam a2200241 a 4500
001 - CONTROL NUMBER
control field 76856
003 - CONTROL NUMBER IDENTIFIER
rucl marc code BD-RjUL
005 - DATE AND TIME OF LATEST TRANSACTION
control field 20211209082910.0
008 - FIXED-LENGTH DATA ELEMENTS--GENERAL INFORMATION
fixed length control field 200127s1958 enk 000 1 eng d
035 ## - SYSTEM CONTROL NUMBER
System control number (BD-RjUL)77080
System control number 2063813
040 ## - CATALOGING SOURCE
Original cataloging agency APLS
Language of cataloging eng
Transcribing agency APLS
Modifying agency ANL
-- BD-RjUL
041 ## - LANGUAGE CODE
Language code of text/sound track or separate title eng
082 ## - DEWEY DECIMAL CLASSIFICATION NUMBER
Edition number 23
Classification number 813.52
Author mark and year FAC 1958
100 1# - MAIN ENTRY--PERSONAL NAME
Personal name Faulkner, William,
Dates associated with a name 1897-1962.
9 (RLIN) 238472
245 14 - TITLE STATEMENT
Title The collected short stories/
Statement of responsibility, etc. William Faulkner
260 ## - PUBLICATION, DISTRIBUTION, ETC. (IMPRINT)
Place of publication, distribution, etc. London :
Name of publisher, distributor, etc. Chatto & Windus,
Date of publication, distribution, etc. 1958.
300 ## - PHYSICAL DESCRIPTION
Pagination 3 v. ;
Illustrations 20 cm.
505 0# - FORMATTED CONTENTS NOTE
Formatted contents note v.1. Uncle Willy and other stories -- v.2. These thirteen -- v.3. Dr Martino and other stories.
650 ## - SUBJECT ADDED ENTRY--TOPICAL TERM
Topical term or geographic name as entry element Short stories
9 (RLIN) 238473
942 ## - ADDED ENTRY ELEMENTS (KOHA)
Source of classification or shelving scheme Dewey Decimal Classification
Koha item type Books
Holdings
Lost status Source of classification or shelving scheme Damaged status Not for loan Collection code Permanent Location Current Location Shelving location Date acquired Source of acquisition Cost, normal purchase price Total Checkouts Full call number Date last seen Copy number Koha item type
  Dewey Decimal Classification   Not For Loan Fiction Central Library, University of Rajshahi Central Library, University of Rajshahi Reading Room 14/03/1964 Zeitlinger 15.00   813.52 FAC V-1 1958 27/01/2020 C-1 Books